DNA sequence : the journal of DNA sequencing and mapping.

Bibliographic Details
New Title:Mitochondrial DNA
Uniform Title:DNA sequence (Online)
Format: Journal
Language:English
Published: Chur ; New York : Harwood Academic Publishers -[2008]
[London] : Taylor & Francis,
Subjects:
Online Availability: Check for online availability

MARC

Tag First Indicator Second Indicator Subfields
LEADER 00000cas a2200000 a 4500
001 in00002017751
005 20170928131749.0
006 m o d
007 cr |||||||||||
008 020606d19902008enkbx pso 0 0eng c
010 |a  2007233535 
022 |a 1029-2365  |l 1026-7913  |y 1042-5179 
029 0 |a OCLCS  |b 9072 
029 1 |a AU@  |b 000041615160 
029 1 |a AU@  |b 000043821603 
029 1 |a AU@  |b 000044935701 
029 1 |a AU@  |b 000045703644 
029 1 |a NZ1  |b 12399251 
029 1 |a NZ1  |b 16071515 
029 1 |a OCLCS  |b OP-30050 
035 |a (OCoLC)ocm49941257 
035 |a (OCoLC)49941257 
037 |b Taylor & Francis, Inc., 11 New Fetter Lane, London EC4P 4EE, UK 
040 |a F#A  |b eng  |c F#A  |d OCLCQ  |d COU  |d OCLCS  |d GUA  |d OCLCQ  |d OCLCO  |d OCLCQ  |d OCLCF  |d OCLCQ  |d TXA  |d UtOrBLW 
042 |a pcc 
049 |a TXAM 
050 1 4 |a QP624  |b .D177 Electronic 
082 0 4 |a 572.8633 
130 0 |a DNA sequence (Online) 
245 1 0 |a DNA sequence :  |b the journal of DNA sequencing and mapping. 
264 1 |3 1990- :  |a Chur ;  |a New York :  |b Harwood Academic Publishers 
264 3 1 |3 <2003>-2008:  |a [London] :  |b Taylor & Francis,  |c -[2008] 
264 4 |c -©2008 
300 |a 1 online resource 
310 |a Six issues yearly 
336 |a text  |b txt  |2 rdacontent 
337 |a computer  |b c  |2 rdamedia 
338 |a online resource  |b cr  |2 rdacarrier 
362 1 |a Print began with: Vol. 1, no. 1, published in 1990. 
515 |a Some numbers issued in combined form. 
538 |a Mode of access: World Wide Web. 
588 |a Description based on: Vol. 13, issue 1 (2002); title from contents screen (Informaworld, viewed Apr. 23, 2007). 
588 |a Latest issue consulted: 19(3) (June 2008) (tandfonline, viewed October 20, 2016). 
500 |a Electronic resource. 
650 0 |a Nucleotide sequence  |v Periodicals. 
650 2 |a Base Sequence.  |0 https://id.nlm.nih.gov/mesh/D001483 
650 2 |a DNA.  |0 https://id.nlm.nih.gov/mesh/D004247 
650 2 |a Chromosome Mapping.  |0 https://id.nlm.nih.gov/mesh/D002874 
655 2 |a Periodicals.  |0 https://id.nlm.nih.gov/mesh/D020492 
650 7 |a Nucleotide sequence.  |2 fast  |0 (OCoLC)fst01041106 
655 7 |a Periodicals.  |2 fast  |0 (OCoLC)fst01411641 
776 0 8 |i Print version:  |t DNA sequence  |x 1042-5179  |w (DLC) 90660356  |w (OCoLC)19075340 
785 0 0 |t Mitochondrial DNA  |x 1940-1744  |w (DLC) 2007213339  |w (OCoLC)173303364 
948 |a cataloged  |b h  |c 2016/10/20  |d c  |e spoltoratski  |f 3:21:12 pm 
994 |a C0  |b TXA 
999 f f |s f2d89e6e-0b13-39c0-bb08-7ee76f297956  |i f24ba37b-4084-3817-91dd-04e06c98f2d7  |t 0 
952 f f |a Texas A&M University  |b College Station  |c Electronic Resources  |d Available Online  |t 0  |e QP624 .D177  |g Electronic  |h Library of Congress classification 
998 f f |a QP624 .D177  |t 0  |l Available Online